The MacArthur Study Bible : (Record no. 9854)

MARC details
000 -LEADER
fixed length control field 00937nam a22002537a 4500
003 - CONTROL NUMBER IDENTIFIER
control field GBCCL
005 - DATE AND TIME OF LATEST TRANSACTION
control field 20241126110720.0
008 - FIXED-LENGTH DATA ELEMENTS--GENERAL INFORMATION
fixed length control field 230802b ||||| |||| 00| 0 eng d
020 ## - INTERNATIONAL STANDARD BOOK NUMBER
International Standard Book Number 9780718018993
040 ## - CATALOGING SOURCE
Original cataloging agency DLC
Transcribing agency DLC
Modifying agency DLC
050 00 -
-- BS195
-- .E64 2010
082 00 - DEWEY DECIMAL CLASSIFICATION NUMBER
Classification number 220.5208
Edition information 22
Item number MAC
100 ## - MAIN ENTRY--PERSONAL NAME
Personal name MacArthur, John
9 (RLIN) 8028
130 0# -
-- Bible.
-- English.
-- English Standard.
-- 2010.
-- 12235
245 14 - TITLE STATEMENT
Title The MacArthur Study Bible :
Remainder of title New King James version /
Statement of responsibility, etc. John MacArthur, author and general editor
250 ## - EDITION STATEMENT
Edition statement 2nd edition
Remainder of edition statement revised and updated edition
260 ## - PUBLICATION, DISTRIBUTION, ETC.
Place of publication, distribution, etc. Pune :
Name of publisher, distributor, etc. Grace to India,
Date of publication, distribution, etc. 2012.
300 ## - PHYSICAL DESCRIPTION
Extent xl, 2070,125 p. :
Other physical details ill., col. maps ;
Dimensions 25 cm.
700 1# - ADDED ENTRY--PERSONAL NAME
Personal name MacArthur, John,
Dates associated with a name 1939-
9 (RLIN) 1165
710 2# - ADDED ENTRY--CORPORATE NAME
Corporate name or jurisdiction name as entry element Crossway Bibles.
9 (RLIN) 12236
906 ## - LOCAL DATA ELEMENT F, LDF (RLIN)
a 7
b cbc
c orignew
d 1
e ecip
f 20
g y-gencatlg
942 ## - ADDED ENTRY ELEMENTS (KOHA)
Source of classification or shelving scheme Dewey Decimal Classification
Koha item type Reference Books
Holdings
Withdrawn status Lost status Source of classification or shelving scheme Damaged status Not for loan Home library Current Library Shelving location Date acquired Total checkouts Full call number Barcode Date last seen Copy number Price effective from Koha item type
    Dewey Decimal Classification     GRACE BIBLE COLLEGE GRACE BIBLE COLLEGE Bible 2023-08-02   220.5208 MAC 016421 2025-05-01 c.1 2023-08-02 Reference Books
© Grace Bible College Library 2025